| 000 | 00852nam a2200181 a 4500 | ||
|---|---|---|---|
| 008 | 120416s0000 ||||||||||||||||| || u | ||
| 020 | _a0713132604 | ||
| 050 | _aTJ 1165 Cha | ||
| 100 | _aChapman, William Arthur James | ||
| 245 | 1 | 0 | _aSenior workshop calculations |
| 250 | _a3rd ed. | ||
| 260 |
_aLondon _bEdward Arnold _c1972 |
||
| 300 | _aviii, 224p. : ill. | ||
| 350 | _a0.00 | ||
| 995 |
_aANNEX COLLECTION (Main Library) _D0.00 _e715328 _FCBU-MAIN LIBRARY (Kitwe) _H3 _I3.60 _jTJ 1165 Cha _UAVAILABLE _y016069 _ZAnnex Low-Usage Collection |
||
| 995 |
_aANNEX COLLECTION (Main Library) _D0.00 _e715329 _FCBU-MAIN LIBRARY (Kitwe) _H1 _I3.60 _jTJ 1165 Cha _UAVAILABLE _y016070 _ZAnnex Low-Usage Collection |
||
| 995 |
_aANNEX COLLECTION (Main Library) _D0.00 _e716444 _FCBU-MAIN LIBRARY (Kitwe) _H2 _I3.60 _jTJ 1165 Cha _UAVAILABLE _y016071 _ZAnnex Low-Usage Collection |
||
| 999 |
_c80414 _d80414 |
||